[Event "Pan American-ch U20"]
[Site "Pereira"]
[Date "2022.08.25"]
[Round "5"]
[White "Lu, Maximillian"]
[Black "Vasquez Vargas, Henry Richard"]
[Result "1/2-1/2"]
[WhiteElo "2442"]
[BlackElo "2130"]
[PlyCount "73"]
[EventDate "2022.08.23"]
[EventType "swiss"]
[EventRounds "9"]
[EventCountry "COL"]
[SourceTitle "CBM 210 Extra"]
[Source "ChessBase"]
[SourceDate "2022.11.30"]
[SourceVersion "1"]
[SourceVersionDate "2022.11.30"]
[SourceQuality "1"]

1. d4 Nf6 2. c4 e6 3. g3 Bb4+ 4. Bd2 Be7 5. Bg2 d5 6. Nf3 0-0 7. 0-0 c6 8. Qc2 Nbd7 9. Rd1 b6 10. Ne5 Bb7 11. Bc3 Rc8 12. Nd2 c5 13. Nxd7 Qxd7 14. dxc5 bxc5 15. cxd5 exd5 16. Ne4 d4 17. e3 Nxe4 18. Bxe4 Bxe4 19. Qxe4 Bf6 20. b3 Rfd8 21. Bb2 Qe6 22. Qxe6 fxe6 23. exd4 cxd4 24. Rac1 Kf7 25. Kg2 Rxc1 26. Rxc1 Rd5 27. f4 e5 28. Kf3 exf4 29. gxf4 d3 30. Bxf6 d2 31. Rd1 Kxf6 32. Ke4 Rd7 33. b4 Re7+ 34. Kf3 Rd7 35. Ke4 Re7+ 36. Kf3 Rd7 37. Ke4 1/2-1/2

[Event "Pan American-ch U16"]
[Site "Montevideo"]
[Date "2022.06.27"]
[Round "2"]
[White "Flores Quillas, Diego Saul Rodrigo"]
[Black "Vasquez Vargas, Henry Richard"]
[Result "1/2-1/2"]
[WhiteElo "2186"]
[BlackElo "1997"]
[PlyCount "94"]
[EventDate "2022.06.26"]
[EventType "swiss"]
[EventRounds "9"]
[EventCountry "URU"]
[SourceTitle "EXT 2023"]
[Source "ChessBase"]
[SourceDate "2022.10.05"]
[SourceVersion "1"]
[SourceVersionDate "2022.10.05"]
[SourceQuality "1"]

1. e4 Nf6 2. e5 Nd5 3. c4 Nb6 4. d4 d6 5. exd6 exd6 6. Bd3 Be7 7. Ne2 Nc6 8. Nbc3 Bg4 9. Be3 Nb4 10. Bb1 c5 11. b3 Nc6 12. d5 Ne5 13. 0-0 Bf6 14. f3 Bh5 15. Bc2 0-0 16. Rb1 Re8 17. Ne4 Bg6 18. N2g3 Bh4 19. Bd2 f5 20. Nc3 Qd7 21. a4 Bf6 22. a5 Nc8 23. Nce2 Ne7 24. Nf4 Bf7 25. Re1 g6 26. Bc3 b5 27. Ne6 Bxe6 28. dxe6 Qc6 29. cxb5 Qxb5 30. f4 Ng4 31. Bxf6 Nxf6 32. Qxd6 Rad8 33. Qe5 Ng4 34. Qc3 Nd5 35. Qf3 Qb4 36. Rbd1 Nde3 37. Rxe3 Rxd1+ 38. Bxd1 Qd4 39. Nf1 Nxe3 40. Nxe3 Rxe6 41. Kf2 g5 42. Qa8+ Kg7 43. Qb7+ Kf8 44. Qc8+ Ke7 45. Qc7+ Kf8 46. Qc8+ Ke7 47. Qc7+ Kf8 1/2-1/2

[Event "Hibrido del Sur U2200 op 4th"]
[Site "Tornelo INT"]
[Date "2021.12.17"]
[Round "6"]
[White "Vasquez Vargas, Henry Richard"]
[Black "Garcia Andrada, Heidy Nicole"]
[Result "1/2-1/2"]
[WhiteElo "2137"]
[BlackElo "1889"]
[PlyCount "98"]
[EventDate "2021.12.17"]
[EventType "swiss"]
[EventRounds "6"]
[EventCountry "VEN"]
[SourceTitle "CBM 206 Extra"]
[Source "ChessBase"]
[SourceDate "2022.03.31"]
[SourceVersion "1"]
[SourceVersionDate "2022.03.31"]
[SourceQuality "1"]

1. g3 c5 2. Bg2 d5 3. Nf3 Nf6 4. 0-0 g6 5. d3 Bg7 6. Nbd2 0-0 7. e4 Nc6 8. exd5 Nxd5 9. Re1 b6 10. Nc4 Bb7 11. h4 Qc7 12. h5 Rad8 13. h6 Bf6 14. c3 b5 15. Ne3 Ne5 16. Nxe5 Bxe5 17. Ng4 Bh8 18. Qe2 Rfe8 19. Bg5 f6 20. Bd2 Nb6 21. Qe6+ Kf8 22. Bf4 Qd7 23. Bxb7 Qxb7 24. Rad1 Qd7 25. Qxd7 Rxd7 26. Be3 Na4 27. Bc1 Red8 28. Re3 f5 29. Nh2 b4 30. cxb4 cxb4 31. b3 Nc5 32. Nf3 Bf6 33. Ne1 Bc3 34. Bd2 Bd4 35. Re2 a5 36. Be3 Bxe3 37. Rxe3 Ne4 38. Kg2 Nf6 39. f3 Ng8 40. Rc1 Nxh6 41. Re5 Ra8 42. Rb5 Nf7 43. Rcc5 Rda7 44. Nc2 Nd6 45. Rb6 Ra6 46. Rxa6 Rxa6 47. Kf2 Ke8 48. Ke3 Kd7 49. Nd4 a4 1/2-1/2

[Event "Pan American-ch Hybrid U16 31st"]
[Site "Tornelo INT"]
[Date "2021.09.04"]
[Round "7"]
[White "Hu, Alexander1111"]
[Black "Vasquez Vargas, Henry Richard"]
[Result "0-1"]
[WhiteElo "2007"]
[BlackElo "1998"]
[PlyCount "139"]
[EventDate "2021.09.04"]
[EventType "swiss"]
[EventRounds "9"]
[EventCountry "NET"]
[SourceTitle "EXT 2023"]
[Source "ChessBase"]
[SourceDate "2022.10.05"]
[SourceVersion "1"]
[SourceVersionDate "2022.10.05"]
[SourceQuality "1"]

1. e4 c5 2. Nf3 d6 3. d4 cxd4 4. Nxd4 Nf6 5. Nc3 a6 6. h3 e6 7. g4 h6 8. Bg2 g5 9. Be3 Nbd7 10. Qe2 Ne5 11. 0-0-0 Nfd7 12. h4 Rg8 13. hxg5 hxg5 14. Rh3 Ng6 15. Rdh1 Nde5 16. Bf1 b5 17. Qd2 Be7 18. a3 Bb7 19. Be2 Rc8 20. Kb1 Nh4 21. f4 gxf4 22. Bxf4 Nc4 23. Bxc4 Rxc4 24. g5 Ng6 25. Be3 d5 26. exd5 Bxd5 27. Nxd5 Qxd5 28. Rh5 Bc5 29. Nb3 Qxd2 30. Bxd2 Bd6 31. Rd1 Ke7 32. Bc3 e5 33. Rh2 Ke6 34. Rhd2 Be7 35. Rd7 Rgc8 36. Bb4 R8c7 37. R7d2 Bxg5 38. Rd6+ Kf5 39. c3 R4c6 40. R6d5 Nf4 41. Rf1 Ke6 42. Rdd1 f5 43. Na5 Rb6 44. Nb3 Rbc6 45. Na5 Rb6 46. Nb3 Rc8 47. Nc5+ Kf7 48. Rd7+ Kg6 49. Rh1 Rbc6 50. Nb3 R8c7 51. Rd2 Rh7 52. Rhd1 Rf7 53. Na5 Re6 54. Nb3 e4 55. Nc5 Re8 56. Rd6+ Rf6 57. Rd7 e3 58. c4 e2 59. Rh1 Ng2 60. Nd3 bxc4 61. Rhh7 Bh6 62. Bd2 f4 63. Ne1 Nxe1 64. Bxe1 f3 65. Rhe7 Rxe7 66. Rxe7 Bd2 67. Bf2 Bg5 68. Kc2 Kh5 69. Re4 Rf4 70. Re6 0-1

[Event "Hibrido del Sur op U2200"]
[Site "Porlamar"]
[Date "2021.08.27"]
[Round "1"]
[White "Roa Romero, Miguelangel Alberto"]
[Black "Vasquez Vargas, Henry Richard"]
[Result "0-1"]
[WhiteElo "1492"]
[BlackElo "2021"]
[PlyCount "126"]
[EventDate "2021.08.27"]
[EventType "swiss"]
[EventRounds "7"]
[EventCountry "VEN"]
[SourceTitle "EXT 2023"]
[Source "ChessBase"]
[SourceDate "2022.10.05"]
[SourceVersion "1"]
[SourceVersionDate "2022.10.05"]
[SourceQuality "1"]

1. e4 c5 2. Nf3 d6 3. d4 cxd4 4. Nxd4 Nf6 5. Nc3 a6 6. Be3 e6 7. Be2 Nbd7 8. Nf3 b5 9. a3 Bb7 10. Nd2 d5 11. exd5 Nxd5 12. Nxd5 Bxd5 13. Bf3 Ne5 14. Bxd5 Qxd5 15. 0-0 Rc8 16. c3 Be7 17. Bd4 Nc6 18. Nf3 0-0 19. Re1 Nxd4 20. Qxd4 Rfd8 21. Qxd5 Rxd5 22. Rad1 Rcd8 23. Rxd5 Rxd5 24. Kf1 g5 25. h3 h5 26. g4 hxg4 27. hxg4 Bf6 28. Ke2 a5 29. Rd1 Rc5 30. Nd2 Rc7 31. Ne4 Be7 32. Nd6 b4 33. Nb5 Rc5 34. a4 Bf6 35. cxb4 Rc4 36. bxa5 Rxa4 37. Nc3 Rxa5 38. f3 Kg7 39. Rd2 Be5 40. Ne4 Rb5 41. Nc3 Rb4 42. Rc2 Kg6 43. Kd3 f5 44. gxf5+ exf5 45. Rg2 g4 46. fxg4 fxg4 47. Nd1 Kh5 48. Ke3 Kh4 49. Re2 Bd4+ 50. Kd3 g3 51. Ne3 Bxe3 52. Kxe3 Kh3 53. Re1 Rxb2 54. Rh1+ Kg2 55. Rh6 Rf2 56. Rg6 Rf8 57. Rh6 Kg1 58. Ke2 g2 59. Ke1 Re8+ 60. Kd1 Re4 61. Rf6 Kh2 62. Rh6+ Kg3 63. Rg6+ Rg4 0-1

[Event "ECU Clasif1 U20"]
[Site "Chess.com INT"]
[Date "2020.12.17"]
[Round "6"]
[White "Aspiazu Sibri, Marlon Steven"]
[Black "Vasquez Vargas, Henry Richard"]
[Result "1-0"]
[WhiteElo "1957"]
[BlackElo "2021"]
[PlyCount "131"]
[EventDate "2020.12.17"]
[EventType "swiss"]
[EventRounds "9"]
[EventCountry "ECU"]
[SourceTitle "EXT 2022"]
[Source "ChessBase"]
[SourceDate "2021.10.06"]
[SourceVersion "1"]
[SourceVersionDate "2021.10.06"]
[SourceQuality "1"]

1. c4 c6 2. Nc3 d5 3. d4 Bf5 4. cxd5 cxd5 5. Nf3 Nf6 6. Bf4 Nc6 7. Qa4 a6 8. Ne5 Rc8 9. e3 e6 10. Be2 Be7 11. Bxa6 bxa6 12. Nxc6 Qd7 13. Nxe7 Qxa4 14. Nxa4 Kxe7 15. Nc5 Nd7 16. b4 Nxc5 17. bxc5 Rhd8 18. Kd2 Kd7 19. Rhc1 h6 20. h4 Kc6 21. Rc3 Rd7 22. Rb3 Rb7 23. Kc3 Rxb3+ 24. axb3 Kb5 25. b4 Ra8 26. Ra5+ Kc6 27. b5+ Kb7 28. c6+ Kb6 29. Rxa6+ Rxa6 30. bxa6 Kxa6 31. c7 Kb7 32. Kb4 g5 33. hxg5 hxg5 34. Bg3 g4 35. f3 gxf3 36. gxf3 Bg6 37. Bd6 Kc8 38. Kc5 Bh5 39. f4 Bg6 40. Be5 f6 41. Bd6 Kd7 42. Kb6 Kc8 43. Bb4 Be8 44. Ba5 Ba4 45. Kc5 Kd7 46. Kb4 Bc6 47. Kc5 Ba4 48. f5 exf5 49. Kxd5 Bc6+ 50. Kc5 Bb7 51. d5 Bc8 52. d6 Bb7 53. Bc3 Ke6 54. Kb6 Bc8 55. Bb4 Kd7 56. Ka7 Kc6 57. Kb8 Kd7 58. Bc3 f4 59. exf4 f5 60. Be5 Ba6 61. Ka7 Bc8 62. Kb6 Ke8 63. Kc6 Bd7+ 64. Kb7 Be6 65. c8Q+ Bxc8+ 66. Kxc8 1-0

[Event "ECU Clasif1 U20"]
[Site "Chess.com INT"]
[Date "2020.12.17"]
[Round "3"]
[White "Vasquez Vargas, Henry Richard"]
[Black "Flores Quillas, Diego Saul Rodrigo"]
[Result "0-1"]
[WhiteElo "2021"]
[BlackElo "2245"]
[PlyCount "92"]
[EventDate "2020.12.17"]
[EventType "swiss"]
[EventRounds "9"]
[EventCountry "ECU"]
[SourceTitle "EXT 2022"]
[Source "ChessBase"]
[SourceDate "2021.10.06"]
[SourceVersion "1"]
[SourceVersionDate "2021.10.06"]
[SourceQuality "1"]

1. d4 Nf6 2. c4 c5 3. Nf3 cxd4 4. Nxd4 e5 5. Nf3 Nc6 6. Nc3 Bb4 7. e3 d5 8. cxd5 Qxd5 9. Qxd5 Nxd5 10. Bd2 Nxc3 11. bxc3 Bd6 12. Bb5 Bd7 13. e4 Ke7 14. Ke2 Rac8 15. Rab1 b6 16. Rhd1 f6 17. c4 Rhd8 18. h3 Be6 19. Rdc1 Nb8 20. Bb4 a6 21. Bxd6+ Rxd6 22. Ba4 Bxc4+ 23. Ke1 b5 24. Bb3 Rdc6 25. Nd2 Bxb3 26. Rxc6 Nxc6 27. Nxb3 Nd4 28. Nxd4 exd4 29. Kd2 Rc3 30. Rb4 Ra3 31. Rb2 Kd6 32. Rc2 d3 33. Rb2 Kc5 34. f3 a5 35. Ke3 Kc4 36. Kd2 b4 37. g4 a4 38. h4 b3 39. axb3+ axb3 40. Rb1 Ra2+ 41. Ke3 Re2+ 42. Kf4 d2 43. Rd1 Kd3 44. g5 Re1 45. Rxd2+ Kxd2 46. gxf6 gxf6 0-1

[Event "Nonalaya Ricardo Online op"]
[Site "Chess.com INT"]
[Date "2020.07.19"]
[Round "8"]
[White "Saenz, Ivan"]
[Black "Vasquez Vargas, Henry Richard"]
[Result "0-1"]
[WhiteElo "1820"]
[BlackElo "2021"]
[PlyCount "120"]
[EventDate "2020.07.19"]
[EventType "swiss (blitz)"]
[EventRounds "9"]
[EventCountry "PER"]
[SourceTitle "CBM 197 Extra"]
[Source "ChessBase"]
[SourceDate "2020.09.30"]
[SourceVersion "1"]
[SourceVersionDate "2020.09.30"]
[SourceQuality "1"]

1. d4 Nf6 2. Bg5 Ne4 3. Bf4 c5 4. f3 Qa5+ 5. c3 Nf6 6. Nd2 cxd4 7. Nb3 Qb6 8. Qxd4 Nc6 9. Qxb6 axb6 10. Nd4 e5 11. Nxc6 exf4 12. Nd4 d5 13. g3 Bd6 14. Kf2 Bd7 15. Nh3 fxg3+ 16. hxg3 0-0 17. e3 Rfe8 18. Bd3 h6 19. Nf4 Bc5 20. a3 Re5 21. Rad1 Rae8 22. Rhe1 g5 23. Ng2 g4 24. Nf4 gxf3 25. Nxf3 Ng4+ 26. Kg2 Nxe3+ 27. Rxe3 Rxe3 28. Nxd5 Bc6 29. Nf6+ Kh8 30. Nxe8 Bxf3+ 31. Kh3 Bxd1 32. Bb5 Be2 33. Nf6 Bxb5 34. Ng4 Bd7 35. Kh4 Re4 36. Kh5 Rxg4 37. b4 Rg5+ 38. Kxh6 Rxg3 39. Kh5 Bg4+ 40. Kg5 Rxc3 41. bxc5 bxc5 42. Kxg4 Rxa3 43. Kf4 b5 44. Ke4 b4 45. Kd5 b3 46. Kxc5 b2 47. Kd6 b1Q 48. Ke7 Qb2 49. Kd6 Rd3+ 50. Ke7 Qe2+ 51. Kf8 Rd8+ 52. Kxf7 Rd7+ 53. Kf6 Qe7+ 54. Kg6 Rd6+ 55. Kh5 Qc7 56. Kg5 Qc5+ 57. Kf4 Rd4+ 58. Ke3 Qc3+ 59. Ke2 Rd2+ 60. Kf1 Qc1# 0-1

[Event "Nonalaya Ricardo Online op"]
[Site "Chess.com INT"]
[Date "2020.07.19"]
[Round "2"]
[White "Vasquez Vargas, Henry Richard"]
[Black "Baskin, Robert"]
[Result "0-1"]
[WhiteElo "2021"]
[BlackElo "2390"]
[PlyCount "48"]
[EventDate "2020.07.19"]
[EventType "swiss (blitz)"]
[EventRounds "9"]
[EventCountry "PER"]
[SourceTitle "CBM 197 Extra"]
[Source "ChessBase"]
[SourceDate "2020.09.30"]
[SourceVersion "1"]
[SourceVersionDate "2020.09.30"]
[SourceQuality "1"]

1. d4 Nf6 2. c4 g6 3. f3 d5 4. cxd5 Nxd5 5. e4 Nb6 6. Nc3 Bg7 7. Be3 0-0 8. Qd2 Nc6 9. 0-0-0 Qd6 10. h4 Rd8 11. d5 Ne5 12. Nb5 Qd7 13. Qc2 c6 14. dxc6 Qxd1+ 15. Qxd1 Rxd1+ 16. Kxd1 bxc6 17. Bxb6 axb6 18. Nc3 Be6 19. Kc2 Bxa2 20. b3 Ra3 21. Nxa2 Rxa2+ 22. Kb1 Rd2 23. Kc1 Bh6 24. Nh3 Nxf3 0-1